00313nam a2200109Ia 4500008004100000040001700041041001200058082001800070245005600088260004900144300001000193230917s9999||||xx |||||||||||||| ||und|| e184128aMAIN aEnglish a294.3823 D36D 0aKhuddakadnikaye; Nettippakarana-Tika Nettivibhavini aIgatpuribVipassana Research Institutec1998 av. p.